000 00317nam a22001457a 4500
020 _a1-4051-1055-4
041 _aENG
100 _aEmmitt.S
245 _aBarry's Introduction To Construction Of Bulidings
260 _aDelhi
_bBlackwell
_c2005
300 _a715
650 _aFS
700 _aGorse.C
856 _uFS
999 _c851
_d851